Arte de distinguir a los cursis / (Registro nro. 6583)
[ vista simple ]
| 000 -LEADER | |
|---|---|
| fixed length control field | 01080cam a2200277 i 4500 |
| 003 - CONTROL NUMBER IDENTIFIER | |
| control field | CO-BoPUJ |
| 005 - DATE AND TIME OF LATEST TRANSACTION | |
| control field | 20200224114124.0 |
| 007 - PHYSICAL DESCRIPTION FIXED FIELD--GENERAL INFORMATION | |
| fixed length control field | ta |
| 008 - FIXED-LENGTH DATA ELEMENTS--GENERAL INFORMATION | |
| fixed length control field | 190402s2018 ck er 000 1 spa d |
| 020 ## - INTERNATIONAL STANDARD BOOK NUMBER | |
| International Standard Book Number | 9789588997933 |
| 040 ## - CATALOGING SOURCE | |
| Original cataloging agency | CO-BoPUJ |
| Transcribing agency | CO-JMCR |
| 041 0# - LANGUAGE CODE | |
| Language code of text/sound track or separate title | spa |
| 082 04 - DEWEY DECIMAL CLASSIFICATION NUMBER | |
| Classification number | 867.7 / |
| Item number | L756a |
| Edition number | 21 |
| 100 1# - MAIN ENTRY--PERSONAL NAME | |
| Personal name | Liniers, Santiago de, |
| Relator term | autor |
| 9 (RLIN) | 870 |
| 245 10 - TITLE STATEMENT | |
| Title | Arte de distinguir a los cursis / |
| Statement of responsibility, etc. | Santiago de Liniers, Francisco Silvela |
| 250 ## - EDITION STATEMENT | |
| Edition statement | Primera edición |
| 260 ## - PUBLICATION, DISTRIBUTION, ETC. | |
| Place of publication, distribution, etc. | Bogotá : |
| Name of publisher, distributor, etc. | Alcaldía Mayor de Bogotá ; Instituto Distrital de las Artes Idartes, |
| Date of publication, distribution, etc. | 2018 |
| 300 ## - PHYSICAL DESCRIPTION | |
| Extent | 69 páginas ; |
| Dimensions | 17 cm. |
| 490 0# - SERIES STATEMENT | |
| Series statement | Libro al viento lateral ; |
| Volume/sequential designation | 130 |
| 504 ## - BIBLIOGRAPHY, ETC. NOTE | |
| Bibliography, etc. note | Bibliografía: página 11 |
| 505 0# - FORMATTED CONTENTS NOTE | |
| Formatted contents note | La cursilería -- La filocalia o arte de distinguir a los cursis -- Reglamento instructivo para la constitución del Club de los Filócalos |
| 650 14 - SUBJECT ADDED ENTRY--TOPICAL TERM | |
| Topical term or geographic name entry element | Relaciones humanas |
| Form subdivision | Anécdotas, chistes, sátiras, etc. |
| 9 (RLIN) | 871 |
| 650 24 - SUBJECT ADDED ENTRY--TOPICAL TERM | |
| Topical term or geographic name entry element | Conducta social |
| Form subdivision | Anécdotas, chistes, sátiras, etc. |
| 9 (RLIN) | 872 |
| 700 1# - ADDED ENTRY--PERSONAL NAME | |
| Personal name | Silvela, Francisco, |
| Relator term | autor |
| 9 (RLIN) | 873 |
| 942 ## - ADDED ENTRY ELEMENTS (KOHA) | |
| Source of classification or shelving scheme | Dewey Decimal Classification |
| Koha item type | Books |
| Withdrawn status | Lost status | Source of classification or shelving scheme | Damaged status | Not for loan | Collection code | Home library | Current library | Shelving location | Date acquired | Source of acquisition | Cost, normal purchase price | Total Checkouts | Full call number | Barcode | Date last seen | Copy number | Price effective from | Koha item type | Date last checked out |
|---|---|---|---|---|---|---|---|---|---|---|---|---|---|---|---|---|---|---|---|
| Dewey Decimal Classification | Fiction | Biblioteca Pública José María del Castillo y Rada | Biblioteca Pública José María del Castillo y Rada | Processing Center | 05/27/2019 | Donación | 0.00 | 867.7 / L756a | 201809892 | 02/24/2020 | Ej.1 | 02/24/2020 | Books | ||||||
| Dewey Decimal Classification | Fiction | Biblioteca Pública José María del Castillo y Rada | Biblioteca Pública José María del Castillo y Rada | Processing Center | 05/27/2019 | Donación | 0.00 | 1 | 867.7 / L756a | 201809460 | 10/03/2025 | Ej.2 | 02/24/2020 | Books | 10/03/2025 |